Adosphère 2 : méthode de français A1.A2

Gespeichert in:
Bibliographische Detailangaben
1. Verfasser: Himber, Céline
Weitere Verfasser: Poletti, Marie-Laure
Format: Buch
Sprache:Französisch
Erschienen: [Paris] : [Boadilla del Monte, Madrid] : Hachette Français Langue Étrangère ; SM Français, cop. 2012
Katalog:MANES:  Suchergebnis im Bibliothekskatalog
Schulbuchspezifische Eigenschaften:
Tags: Tag hinzufügen
Keine Tags, Fügen Sie den ersten Tag hinzu!
Hinzugefügt zu:09.02.2019
Geändert in:07.05.2025

MARC

LEADER 00000cam a2200000 i 4500
005 20250507134345.0
008 190210s2012 fraa fp 000 0 fre d
020 |a 9788467545777 (V. 1) 
040 |a uned  |b spa  |c entro-manes 
044 |a fra  |a esp 
100 1 |a Himber, Céline  |9 36362 
245 1 0 |a Adosphère 2 :   |b méthode de français A1.A2 /   |c Céline Himber, Marie-Laure Poletti 
260 |a [Paris] :   |b Hachette Français Langue Étrangère ;   |a [Boadilla del Monte, Madrid] :   |b SM Français,   |c cop. 2012 
300 |a [1] v. :   |b il. 
505 0 |a Contiene:   |g V. 1 
546 |a España 
561 |5 es-BUNED  |3 L.T.M. 3004  |a España. Fondo Manes UNED  |k MANES 
690 0 |a LE 
700 1 |a Poletti, Marie-Laure  |9 36363 
942 |2 ddc  |c BK 
999 |c 92522  |d 92522 
999 |c manes:92522  |d 92522